Boys' Names in Top 1000-N (2023) - Statistics

General Stats
  • This quiz has been taken 218 times
  • The average score is 13 of 21
Answer Stats
Answer % Correct
Nathan
94%
Nicholas
89%
Nicolas
89%
Nikolas
89%
Nathanael
86%
Nathaniel
86%
Noah
86%
Nico
79%
Niko
79%
Nolan
69%
Neil
65%
Noe
56%
Noel
53%
Nelson
45%
Nash
39%
Nova
35%
Nixon
30%
Nikolai
29%
Nehemiah
26%
Neo
23%
Nasir
14%
No matching quizzes found
Score Distribution
Percent of People with Each Score
Percentile by Number Answered
Your Score History
You have not taken this quiz